[Event "ESP-ch FEDC 29th"]
[Site "San Fernando"]
[Date "2020.11.19"]
[Round "3"]
[White "Martinez Torres, Jose Manuel"]
[Black "Fernandez Coya, Jose Luis"]
[Result "0-1"]
[WhiteElo "1495"]
[BlackElo "1594"]
[PlyCount "122"]
[EventDate "2020.11.17"]
[EventType "swiss"]
[EventRounds "7"]
[EventCountry "ESP"]
[SourceTitle "EXT 2024"]
[Source "ChessBase"]
[SourceDate "2023.10.10"]
[SourceVersion "1"]
[SourceVersionDate "2023.10.10"]
[SourceQuality "1"]

1. d4 Nf6 2. c4 e6 3. Nc3 Bb4 4. f3 d5 5. Bg5 Nbd7 6. a3 Be7 7. Bd2 0-0 8. e3 c6 9. c5 e5 10. Bd3 Re8 11. Nge2 exd4 12. exd4 Nf8 13. 0-0 Ng6 14. Nf4 Nf8 15. b4 N6d7 16. Qc2 Bf6 17. Nfe2 g6 18. Rab1 Ne6 19. Be3 Nexc5 20. bxc5 Rxe3 21. Nd1 Re7 22. Nf2 Nf8 23. Rb4 Qc7 24. Ng4 Bg7 25. Qd2 Bd7 26. Ng3 Ne6 27. Re1 Rae8 28. Rf1 Bxd4+ 29. Rxd4 Nxd4 30. Nf6+ Kg7 31. Nxe8+ Rxe8 32. Qc3 Qe5 33. Qd2 Qe3+ 34. Qxe3 Rxe3 35. Rd1 Nb3 36. Kf2 Re7 37. Rb1 Nxc5 38. Bf1 h5 39. Ne2 Bf5 40. Ra1 Nd3+ 41. Kg3 g5 42. h3 h4+ 43. Kh2 Bg6 44. a4 Nb4 45. Nd4 c5 46. Nb5 b6 47. a5 a6 48. Nc3 b5 49. Ne2 Nc2 50. Rc1 d4 51. f4 Ne3 52. Ng1 Nxf1+ 53. Rxf1 gxf4 54. Rxf4 d3 55. Nf3 Re4 56. Rxe4 Bxe4 57. Nd2 f5 58. g4 c4 59. gxf5 Bxf5 60. Nf3 c3 61. Nxh4 Be4 0-1

[Event "ESP-ch FEDC 28th"]
[Site "Ubeda"]
[Date "2019.11.26"]
[Round "8"]
[White "Zanoletty Garcia, David"]
[Black "Fernandez Coya, Jose Luis"]
[Result "0-1"]
[WhiteElo "2007"]
[BlackElo "1599"]
[PlyCount "68"]
[EventDate "2019.11.19"]
[EventType "swiss"]
[EventRounds "8"]
[EventCountry "ESP"]
[SourceTitle "EXT 2024"]
[Source "ChessBase"]
[SourceDate "2023.10.10"]
[SourceVersion "1"]
[SourceVersionDate "2023.10.10"]
[SourceQuality "1"]

1. d4 d5 2. Nf3 Nf6 3. e3 e6 4. Bd3 b6 5. b3 Ba6 6. c4 Bb4+ 7. Bd2 Bxd2+ 8. Nbxd2 Nbd7 9. 0-0 0-0 10. Re1 Bb7 11. Qb1 h6 12. a4 Re8 13. e4 dxe4 14. Nxe4 Nxe4 15. Bxe4 Bxe4 16. Qxe4 c5 17. Rad1 Qc7 18. h3 cxd4 19. Nxd4 Nc5 20. Qf3 Rad8 21. b4 Na6 22. Nc6 Rc8 23. Ne5 Red8 24. Rxd8+ Rxd8 25. b5 Nb8 26. Qc3 f6 27. Nd3 Qd6 28. Re3 e5 29. c5 bxc5 30. Nxc5 Rc8 31. Qb3+ Kh8 32. Ne4 Qe7 33. Rd3 Rc7 34. Nc3 Nd7 0-1

[Event "ESP-ch FEDC 28th"]
[Site "Ubeda"]
[Date "2019.11.24"]
[Round "6"]
[White "Fernandez Coya, Jose Luis"]
[Black "Garrido Busto, Francisco"]
[Result "1-0"]
[WhiteElo "1599"]
[BlackElo "1469"]
[PlyCount "81"]
[EventDate "2019.11.19"]
[EventType "swiss"]
[EventRounds "8"]
[EventCountry "ESP"]
[SourceTitle "EXT 2024"]
[Source "ChessBase"]
[SourceDate "2023.10.10"]
[SourceVersion "1"]
[SourceVersionDate "2023.10.10"]
[SourceQuality "1"]

1. d4 Nf6 2. Bf4 e6 3. e3 d5 4. Nd2 Bd6 5. Bg3 Bxg3 6. hxg3 Nbd7 7. Ngf3 c5 8. c3 cxd4 9. exd4 h6 10. Bd3 0-0 11. Qe2 Re8 12. Ne5 Qc7 13. f4 b6 14. g4 Nxe5 15. fxe5 Nh7 16. Bxh7+ Kxh7 17. g5 f6 18. Qd3+ f5 19. gxh6 g6 20. Nf3 Qe7 21. 0-0-0 Rg8 22. Rdg1 Bd7 23. g3 a6 24. Qd2 g5 25. Rh5 g4 26. Ne1 Be8 27. Rh2 Qg5 28. Nd3 Qxd2+ 29. Kxd2 Bf7 30. a3 Rg5 31. Rgh1 Rh8 32. Nf4 Kg8 33. h7+ Kf8 34. Rh6 Ke7 35. a4 b5 36. axb5 axb5 37. Kc2 Rg7 38. Kb3 Kd7 39. Kb4 Ke7 40. Kxb5 Kd7 41. b4 1-0

[Event "Benidorm FEDC op 20th"]
[Site "Benidorm"]
[Date "2018.06.14"]
[Round "5"]
[White "Fernandez Coya, Jose Luis"]
[Black "Garcia Lorenzo, Jaime"]
[Result "1-0"]
[WhiteElo "1618"]
[BlackElo "1241"]
[PlyCount "61"]
[EventDate "2018.06.10"]
[EventType "swiss"]
[EventRounds "7"]
[EventCountry "ESP"]
[SourceTitle "CBM 184 Extra"]
[Source "ChessBase"]
[SourceDate "2018.06.28"]
[SourceVersion "1"]
[SourceVersionDate "2018.06.28"]
[SourceQuality "1"]

1. d4 Nf6 2. Bf4 c5 3. c3 b6 4. e3 g6 5. Nd2 Bg7 6. h3 Bb7 7. Ngf3 0-0 8. Be2 d6 9. 0-0 Nc6 10. Bh2 Qc7 11. a3 e5 12. dxe5 dxe5 13. Qc2 Qe7 14. Nc4 Nd7 15. Rad1 b5 16. Nd6 Ba6 17. Bxb5 Bxb5 18. Nxb5 Rad8 19. Qe4 Na5 20. Qa4 Nc6 21. Nxa7 Nxa7 22. Qxa7 f5 23. Bxe5 Bxe5 24. Nxe5 Qxe5 25. Rxd7 Ra8 26. Qc7 Qf6 27. Qxc5 Rfd8 28. Rfd1 Rac8 29. Qd5+ Kh8 30. Rxd8+ Rxd8 31. Qxd8+ 1-0